| 000 | 00810nam a22002177a 4500 | ||
|---|---|---|---|
| 005 | 2010040300420.0 | ||
| 008 | 100403t xxu||||| |||| 00| 0 eng d | ||
| 020 |
_a9788180695117 _c1000.00 |
||
| 037 | _bPUB | ||
| 040 |
_adpl _bEnglish |
||
| 082 | _a338.954 | ||
| 100 | _aPalanithurai, G. | ||
| 245 |
_aGlobalization: _bissues at the grassroots / _cby G. Palanithurai [and] R. Ramesh |
||
| 260 |
_aNew Delhi _bConcept Publishing _c2008 |
||
| 270 |
_aA/15-16, Commercial Block, Mohan Garden _bNew Delhi _e110059 |
||
| 300 |
_axviii, 380p. _c25cm(Hb) |
||
| 500 | _aIncludes references and index | ||
| 700 | _aRamesh, R. | ||
| 942 |
_2ddc _cRF _h338.954 _mPAL |
||
| 999 |
_c35033 _d35033 |
||